000 00564nam a2200205Ia 4500
005 20250508164613.0
008 008 250505s9999 xx 000 0 hin d
037 _aReference
040 _aFEDL
_beng
_cFEDL
041 _ahin
_2eng
084 _a491.433, BAH/RR
_qFEDL
100 _aBahri Hardeo
_9778581
245 0 _aManak hindi paryaya kosh
260 _aNew Delhi, India
_bVidya Prakashan Mandir
_c1989
300 _avii,287p.
365 _aINR
_b125
546 _aMACESE
942 _cREF
_h491.433, BAH/RR
999 _c1390089
_d1390089